000 00626nam a2200193Ia 4500
003 GCL
008 140319s9999 xx 000 0 ara d
040 _aGCL /
_cGCL
082 0 4 _aط
_b031
_bبم
100 1 _aبيروتى , يولاند
245 1 0 _aموسوعة المعرفة الحديثة /
_cبيروتى , يولاند
260 _aنيويورك :
_bاديتوكربس الدولية ،
_c1999
300 _a14 مج:
_bايض ؛
_c28 سم
650 0 4 _aالاطفال
650 0 4 _aالموسوعات
650 0 4 _aالمعارف العامة
650 0 4 _aالاطفال - الموسوعات
942 _2ddc
_cBK
999 _c8461
_d8461